Foreign and comparative education; (Record no. 21406)

MARC details
000 -LEADER
fixed length control field 00975cam a22002411i 4500
001 - CONTROL NUMBER
control field e 34000595
003 - CONTROL NUMBER IDENTIFIER
control field DLC
005 - DATE AND TIME OF LATEST TRANSACTION
control field 20260227111224.0
008 - FIXED-LENGTH DATA ELEMENTS--GENERAL INFORMATION
fixed length control field 790723s1934 xx 000 0 eng
010 ## - LIBRARY OF CONGRESS CONTROL NUMBER
LC control number e 34000595
035 ## - SYSTEM CONTROL NUMBER
System control number (OCoLC)5199746
040 ## - CATALOGING SOURCE
Original cataloging agency DLC
Transcribing agency PLhS
Modifying agency OCoLC
-- DLC
042 ## - AUTHENTICATION CODE
Authentication code premarc
050 00 - LIBRARY OF CONGRESS CALL NUMBER
Classification number Z5811
Item number .T9
100 1# - MAIN ENTRY--PERSONAL NAME
Personal name Turosienski, Severin Kazimierz,
Dates associated with a name 1884-1944.
245 10 - TITLE STATEMENT
Title Foreign and comparative education;
Remainder of title a list of references /
Statement of responsibility, etc. by Severin K. Turosienski, associate specialist in foreign education, Office of education ... United States Department of the interior, Harold L. Ickes, secretary. Office of education, George F. Zook, commissioner.
260 ## - PUBLICATION, DISTRIBUTION, ETC.
Place of publication, distribution, etc. Washington :
Name of publisher, distributor, etc. U.S. Govt. print. off.,
Date of publication, distribution, etc. 1934.
300 ## - PHYSICAL DESCRIPTION
Extent vii, 59 p. ;
Dimensions 24 cm.
440 #0 - SERIES STATEMENT/ADDED ENTRY--TITLE
Title U. S. Office of education. Bulletin, 1934,
Volume/sequential designation no. 10
650 #0 - SUBJECT ADDED ENTRY--TOPICAL TERM
Topical term or geographic name entry element Education
Form subdivision Bibliography.
650 #0 - SUBJECT ADDED ENTRY--TOPICAL TERM
Topical term or geographic name entry element Education
Geographic subdivision Europe
Form subdivision Bibliography.
740 0# - ADDED ENTRY--UNCONTROLLED RELATED/ANALYTICAL TITLE
Uncontrolled related/analytical title Comparative education.

No items available.

Powered by Koha